000
00330 a2200157 4500
001
192594
020
_a
1-86039-947-9
040
_c
Magnum
100
_a
Nightingale, Sandy
240
1
0
_a
Dear fairies
_l
ING
245
1
0
_a
Dear fairies
300
_a
15
362
0
_a
1999
697
_a
LITERATURA INFANTIL INGLESA
942
_c
BK
999
_c
192594
_d
192594